000 02430cam a2200433 4500500
005 20251228052046.0
041 _afre
042 _adc
100 1 0 _aOliva, Adriano
_eauthor
245 0 0 _aLuther et la philosophie
260 _c2012.
500 _a87
520 _aRésuméLe livre de Philippe Büttgen, Luther et la philosophie, montre « comment une question de la philosophie a pu se constituer en mobile d’une réforme religieuse ». Fondé sur une analyse minutieuse des textes et des faits, cet ouvrage renouvelle entièrement la question de la philosophie chez Luther et la compréhension de sa critique de la scolastique. En évitant toute solution facile à des problèmes que cette question comporte, il fait ressortir de façon critique la cohérence du propos de Luther, grâce à une méthode d’analyse élaborée par l’auteur à partir de concepts historiographiques puisés chez Marie-Dominique Chenu et Paul Vignaux.
520 _aLuther and philosophyPhilippe Büttgen’s work, Luther et la philosophie, shows « how a question of philosophy became the motive for religious reform ». Through meticulous analysis of texts and facts, Büttgen’s study revolutionises the question of philosophy with regard to Luther and the understanding of his criticism of scholasticism. Refusing every easy answer to the problems raised by this issue, the author identifies the coherency of Luther’s argument, deploying a method of critical analysis elaborated from historiographical concepts drawn from Marie-Dominique Chenu and Paul Vignaux.
690 _aexégèse biblique
690 _ahistoire
690 _ahistoriographie
690 _aLuther
690 _aparole de Dieu
690 _aphilosophie
690 _aréformateurs
690 _aRéforme
690 _ascolastique
690 _athéologie
690 _auniversités
690 _abiblical exegesis
690 _ahistoriography
690 _ahistory
690 _aLuther
690 _aphilosophy
690 _aReform
690 _areformers
690 _ascholasticism
690 _atheology
690 _auniversities
690 _aword of God
786 0 _nRevue des sciences philosophiques et théologiques | 96 | 2 | 2012-09-01 | p. 293-312 | 0035-2209
856 4 1 _uhttps://shs.cairn.info/revue-des-sciences-philosophiques-et-theologiques-2012-2-page-293?lang=fr&redirect-ssocas=7080
999 _c1582752
_d1582752